Normal view
MARC view
- Water conservation.
Entry Topical Term
001 - CONTROL NUMBER
- control field: 5903
003 - CONTROL NUMBER IDENTIFIER
- control field: NUST
005 - DATE AND TIME OF LATEST TRANSACTION
- control field: 20171103105847.0
008 - FIXED-LENGTH DATA ELEMENTS
- fixed length control field: 171103|| aca||aabn | a|a d
040 ## - CATALOGING SOURCE
- Original cataloging agency: NUST
- Transcribing agency: NUST
150 ## - HEADING--TOPICAL TERM
- Topical term or geographic name entry element: Water conservation.
670 ## - SOURCE DATA FOUND
- Source citation: Work cat.: (NUST)0: Water management, purification & conservation in arid climates /, c1999-c2000.
